000 00298nam a2200133Ia 4500
005 20251222155137.0
008 251222s9999||||xx |||||||||||||| ||spa||
082 _aEBA.97
100 _aZAMORA EDITORES
245 0 _aManual de Enfermería
250 _a3ra. ed.
264 _bZamora
942 _cLIB
999 _c39024
_d39024